Normal view
MARC view
Entry Término temático
001 - NÚMERO DE CONTROL
- campo de control: 82007
003 - IDENTIFICADOR DEL NÚMERO DE CONTROL
- campo de control: DO-SdBNP
005 - FECHA Y HORA DE LA ÚLTIMA TRANSACCIÓN
- campo de control: 20220714123845.0
008 - DATOS DE LONGITUD FIJA
- campo de control de longitud fija: 220714|| aca||aabn | a|a d
040 ## - FUENTE DE LA CATALOGACIÓN
- Centro catalogador/agencia de origen: DO-SdBNP
- Centro/agencia transcriptor: DO-SdBNP
150 ## - ENCABEZAMIENTO--TÉRMINO DE MATERIA
- Término de materia o nombre geográfico como elemento de entrada: Indígenas de República Dominicana
- Subdivisión general: Mujeres
- Subdivisión general: Historia
670 ## - FUENTE DE DATOS ENCONTRADOS
- Cita de la fuente: Work cat.: (DO-SdBNP)2284: Báez Díaz, Tomás 1909 7736, La mujer aborigen y la mujer en la colonia /, 197?
